[Event "Najdorf Memorial"]
[Site "Warsaw POL"]
[Date "2024.07.10"]
[Round "2.3"]
[White "Markowski, Tomasz"]
[Black "Aishwin, Daniel"]
[Result "1-0"]
[WhiteElo "2503"]
[BlackElo "2155"]

1. c4 e6 2. g3 f5 3. Bg2 Nf6 4. Nf3 Be7 5. O-O d6 6. d4 O-O 7. b3 a5 8. Nc3
Ne4 9. Bb2 Nd7 10. Rc1 Ndf6 11. Qc2 Nxc3 12. Bxc3 Ne4 13. Bb2 Bf6 14. Ne1
Ng5 15. f4 Nf7 16. e4 c5 17. exf5 exf5 18. Bd5 a4 19. dxc5 axb3 20. Qxb3
Bxb2 21. Qxb2 dxc5 22. Nd3 Kh8 23. Rfe1 Nh6 24. Nxc5 Ng4 25. Nb3 Ra6 26.
Re2 Rd6 27. Bf3 b6 28. Rce1 Ba6 29. Qc2 Qc8 30. Bd5 h6 31. Be6 Qc6 32. Bxf5
Nf6 33. Bh3 Bxc4 34. Bg2 Qa4 35. Re7 Bxb3 36. Qxb3 Qd4+ 37. Qe3 Qc4 38.
Rxg7 Kxg7 39. Qe7+ Rf7 40. Qxd6 Qxa2 41. Qxb6 Qa7 42. Qxa7 Rxa7 43. Bf3 Rc7
44. Kf2 Ra7 45. Re2 Rc7 46. Rb2 Rc3 47. g4 Ra3 48. h3 Rc3 49. Re2 Ra3 50.
h4 Rc3 51. g5 hxg5 52. hxg5 Nh7 53. Re7+ Kh8 54. Kg3 Rb3 55. Kg4 Rb6 56.
Be4 Nf8 57. Kh5 Kg8 58. f5 1-0

[Event "Najdorf Memorial"]
[Site "Warsaw POL"]
[Date "2024.07.10"]
[Round "2.4"]
[White "Smetek, Michal"]
[Black "Sengupta, Deep"]
[Result "0-1"]
[WhiteElo "2133"]
[BlackElo "2491"]

1. d4 d6 2. Nf3 Nf6 3. c4 g6 4. Nc3 Bg7 5. g3 O-O 6. Bg2 Nbd7 7. O-O e5 8.
e4 exd4 9. Nxd4 Nc5 10. Re1 Re8 11. f3 c6 12. Be3 a5 13. Qd2 Nfd7 14. Rad1
Ne5 15. Qe2 Qb6 16. h3 a4 17. f4 Ned7 18. Bf2 Qa6 19. Nc2 a3 20. Rxd6 axb2
21. e5 Qa5 22. Qe3 Bf8 23. Rdd1 Nb6 24. Bf1 Be6 25. Nd4 Bxc4 26. f5 Bxf1
27. fxg6 hxg6 28. Kxf1 Nc4 29. Qg5 Qxc3 30. e6 Nxe6 31. Nxe6 b1=Q 32. Rxb1
Nd2+ 33. Kg2 Qf3+ 34. Kg1 Nxb1 0-1

[Event "Najdorf Memorial"]
[Site "Warsaw POL"]
[Date "2024.07.10"]
[Round "2.5"]
[White "Rozentalis, Eduardas"]
[Black "Kubik, Rafal"]
[Result "1-0"]
[WhiteElo "2480"]
[BlackElo "2118"]

1. e4 c5 2. Nf3 d6 3. Bb5+ Bd7 4. Bxd7+ Qxd7 5. O-O Nc6 6. c3 d5 7. d3 e6
8. Qe2 Rd8 9. Bf4 dxe4 10. dxe4 Qd3 11. Qxd3 Rxd3 12. Na3 Nf6 13. Rfe1 Be7
14. Nc4 Nh5 15. Be3 Nf6 16. Nfe5 Nxe5 17. Nxe5 Rd8 18. f3 Nd7 19. Nc4 b5
20. Na5 Ne5 21. a4 a6 22. axb5 axb5 23. Nb7 Rb8 24. Nxc5 Nc4 25. Bf2 Nxb2
26. Ra7 Rc8 27. Rb1 Na4 28. Nxa4 bxa4 29. c4 a3 30. Rbb7 Bf6 31. Rxa3 O-O
32. c5 Rfd8 33. Be3 Ra8 34. Rxa8 Rxa8 35. c6 Rc8 36. Bf4 Bd4+ 37. Kf1 Kf8
38. Bd6+ 1-0

[Event "Najdorf Memorial"]
[Site "Warsaw POL"]
[Date "2024.07.10"]
[Round "2.6"]
[White "Smietanska, Wiktoria"]
[Black "Fus, Jakub"]
[Result "1/2-1/2"]
[WhiteElo "2125"]
[BlackElo "2444"]

1. d4 Nf6 2. c4 e6 3. g3 Bb4+ 4. Bd2 a5 5. Bg2 O-O 6. Nf3 b6 7. O-O Bb7 8.
Bf4 Be7 9. Nc3 Ne4 10. Qc2 Nxc3 11. Qxc3 Be4 12. a3 a4 13. Nd2 Bxg2 14.
Kxg2 c5 15. d5 Bf6 16. Qc2 exd5 17. cxd5 d6 18. Ne4 Be7 19. Qc4 Qd7 20. Nc3
Ra5 21. Bd2 b5 22. Qd3 c4 23. Qd4 Bf6 24. Qb6 Bxc3 25. Bxc3 Ra6 26. Qd4 f6
27. e4 Qe7 28. f4 Nd7 29. Bb4 Re8 1/2-1/2

[Event "Najdorf Memorial"]
[Site "Warsaw POL"]
[Date "2024.07.10"]
[Round "2.7"]
[White "Rekuc, Patryk"]
[Black "Cukrowski, Filip"]
[Result "1/2-1/2"]
[WhiteElo "2107"]
[BlackElo "2403"]

1. d4 Nf6 2. c4 e6 3. Nf3 b6 4. e3 Bb7 5. Bd3 g6 6. Nc3 d5 7. O-O Bg7 8. b3
O-O 9. Bb2 Nbd7 10. Qe2 c5 11. cxd5 exd5 12. Ba6 Qc8 13. Bxb7 Qxb7 14. Rfd1
Rfe8 15. dxc5 bxc5 16. Qb5 Qxb5 17. Nxb5 Rec8 18. Ne5 1/2-1/2

[Event "Najdorf Memorial"]
[Site "Warsaw POL"]
[Date "2024.07.10"]
[Round "2.8"]
[White "Wiech, Grzegorz"]
[Black "Mis, Mieszko"]
[Result "0-1"]
[WhiteElo "2106"]
[BlackElo "2351"]

1. e4 c5 2. Nf3 e6 3. d4 cxd4 4. Nxd4 Nc6 5. Nb5 d6 6. c4 Nf6 7. N5c3 Be7
8. Be2 O-O 9. O-O b6 10. Be3 Bb7 11. Nd2 Rc8 12. Rc1 Ne5 13. f4 Ned7 14.
Bf3 Qc7 15. Qe2 Qb8 16. a3 Qa8 17. b4 a5 18. Bf2 Rfe8 19. e5 Bxf3 20. Nxf3
dxe5 21. fxe5 Ng4 22. Bd4 Nh6 23. Be3 Nf5 24. Bg5 axb4 25. Bxe7 bxc3 26.
Bb4 Nc5 27. Rxc3 Qe4 28. Re1 Qxe2 29. Rxe2 Red8 30. Kf2 h5 31. Bxc5 Rxc5
32. Rb2 Rc6 33. Rcb3 Rxc4 34. Rxb6 Kh7 35. R6b4 Rc3 36. R4b3 Rc1 37. Ra2
Rdc8 38. Rbb2 Kh6 39. h4 Rh1 40. Rb4 Rhc1 41. Rbb2 R1c4 42. g3 Rg4 43. Ng5
Nxg3 44. Nxf7+ Kg6 45. Ng5 Rf8+ 46. Ke3 Nf5+ 47. Kd3 Rd4+ 48. Kc3 Rc8+ 49.
Kb3 Rxh4 50. Nxe6 Re4 51. Rg2+ Kh6 52. Ng5 Re3+ 53. Kb4 Nd4 54. Rab2 Nc6+
55. Kc4 Nxe5+ 56. Kd4 Rxa3 57. Rb6+ Nc6+ 58. Kc4 Ra4+ 59. Kb3 Ra7 60. Ne6
Rb8 61. Rxb8 Nxb8 62. Nd4 Rf7 63. Kc4 Nd7 64. Kd5 Rf1 65. Ke4 Nf6+ 66. Ke5
Ng4+ 67. Ke4 Re1+ 68. Kf3 Re3+ 69. Kf4 g5+ 70. Kf5 Re5# 0-1

[Event "Najdorf Memorial"]
[Site "Warsaw POL"]
[Date "2024.07.10"]
[Round "2.9"]
[White "Kaczmarek, Arkadiusz"]
[Black "Fiszer, Bartosz"]
[Result "0-1"]
[WhiteElo "2103"]
[BlackElo "2335"]

1. d4 Nf6 2. c4 g6 3. Nc3 Bg7 4. e4 d6 5. f4 O-O 6. Nf3 c5 7. d5 a6 8. a4
e6 9. Be2 exd5 10. cxd5 Re8 11. Nd2 Nbd7 12. O-O Rb8 13. Kh1 Nf8 14. h3 h5
15. Qc2 h4 16. a5 Bd7 17. Bf3 Bb5 18. Re1 Qc7 19. Qb3 b6 20. Nxb5 axb5 21.
Qxb5 Nxd5 22. Nc4 bxa5 23. Qxa5 Nb6 24. e5 dxe5 25. fxe5 Ne6 26. Nd6 Red8
27. Nb5 Qd7 28. Na7 Nd4 29. e6 Nxe6 30. Nc6 Ra8 31. Qxb6 Rxa1 32. Nxd8 Qxd8
33. Qxd8+ Nxd8 34. Bd2 Bxb2 35. Rxa1 Bxa1 36. Bg5 Ne6 37. Bxh4 c4 38. Bf2
Bd4 39. Be1 c3 40. Bd1 Nf4 41. Bb3 Nd3 42. Bg3 Nb4 43. Bf4 c2 0-1

[Event "Najdorf Memorial"]
[Site "Warsaw POL"]
[Date "2024.07.10"]
[Round "2.10"]
[White "Nesterenko, Kyrylo"]
[Black "Johannesson, Ingvar Thor"]
[Result "1/2-1/2"]
[WhiteElo "2103"]
[BlackElo "2314"]

1. e4 e6 2. d4 d5 3. exd5 exd5 4. Nf3 Nc6 5. Bb5 Ne7 6. Ne5 a6 7. Qh5 Be6
8. Bxc6+ Nxc6 9. Nxc6 bxc6 10. O-O Qf6 11. c3 Bd6 12. b3 Qg6 13. Qxg6 hxg6
14. h3 Bf5 15. Ba3 Kd7 16. Bxd6 cxd6 17. Nd2 a5 18. Rfe1 g5 19. g4 Bg6 20.
Re3 Rae8 21. Rae1 f6 22. c4 Rxh3 23. cxd5 cxd5 24. Rxe8 Bxe8 25. f3 Bf7 26.
Kg2 Rh8 27. Rc1 Re8 28. Kf2 Rh8 29. Kg2 Rb8 30. a3 Bg6 31. Rc3 Bf7 32. Rc1
Re8 33. Kf2 Rh8 34. Kg2 Be6 35. Nf1 g6 36. Ne3 f5 37. Rh1 Rb8 38. Rb1 Rc8
39. Kf2 f4 40. Nd1 Rc2+ 41. Ke1 Rg2 42. Rb2 Rg1+ 43. Ke2 Kd8 44. Rd2 Bc8
45. Kf2 Rh1 46. Kg2 Re1 47. Kf2 Re7 48. Rc2 Rb7 49. Rc3 Re7 50. Rc6 Kd7 51.
Rb6 Kc7 52. Nc3 Bb7 53. Rb5 Re3 54. Nxd5+ Kc6 55. a4 Rd3 56. Ne7+ Kc7 57.
Nd5+ Kc6 58. Ne7+ Kc7 59. Nd5+ Bxd5 60. Rxd5 Rxb3 61. Rxa5 Rb2+ 62. Ke1 Rb4
63. Rxg5 Rxd4 64. Rxg6 Rxa4 65. Ke2 Kc6 66. Rf6 Kd5 67. Rf5+ Ke6 68. Kd3 d5
69. Rf8 Ra3+ 70. Ke2 Ke5 71. Rf5+ Ke6 72. Rxf4 Ke5 73. Rf5+ Kd4 74. g5 Ra2+
75. Kf1 Ke3 76. Rxd5 Kxf3 77. Ke1 Rg2 78. Kd1 Kf4 79. Kc1 Rxg5 80. Rxg5
Kxg5 1/2-1/2

[Event "Najdorf Memorial"]
[Site "Warsaw POL"]
[Date "2024.07.10"]
[Round "2.11"]
[White "Kokoszczynski, Jan"]
[Black "Dalkowski, Rafal"]
[Result "1-0"]
[WhiteElo "2314"]
[BlackElo "2101"]

1. Nf3 Nf6 2. c4 c5 3. e3 g6 4. b3 Bg7 5. Bb2 O-O 6. Qc2 Nc6 7. a3 Re8 8.
Be2 e5 9. d3 b6 10. O-O d5 11. cxd5 Qxd5 12. Nbd2 Bb7 13. Rac1 Rad8 14.
Rfe1 Qd7 15. Qb1 Nd5 16. Qa1 f6 17. Bf1 Qe7 18. Ne4 Kh8 19. Ng3 Qf7 20. h4
Ba8 21. Qb1 Qd7 22. d4 exd4 23. exd4 Rxe1 24. Rxe1 cxd4 25. Nxd4 Nxd4 26.
Bxd4 Nf4 27. Be3 Ne6 28. h5 f5 29. Bc1 f4 30. Ne4 gxh5 31. Bb2 Bd4 32. Bc4
Qg7 33. Bxe6 Bxb2 34. Ng5 Rf8 35. Bh3 Bc3 36. Ne6 Qe7 37. Rc1 Rc8 38. Nxf4
Rc7 39. Ne6 Rc6 40. Qd3 Bf6 41. Re1 Rc3 42. Qf5 Rc5 43. Qf4 Rg5 44. Rc1 1-0

[Event "Najdorf Memorial"]
[Site "Warsaw POL"]
[Date "2024.07.10"]
[Round "2.12"]
[White "Sprzeczka, Emilia"]
[Black "Deszczynski, Adam"]
[Result "1-0"]
[WhiteElo "2101"]
[BlackElo "2305"]

1. e4 c5 2. Nf3 a6 3. c3 e6 4. d4 d5 5. e5 Nc6 6. Be2 f6 7. O-O fxe5 8.
Nxe5 Nxe5 9. dxe5 Qc7 10. f4 Nh6 11. Bd3 g6 12. g4 Bd7 13. Qe2 Bg7 14. f5
exf5 15. e6 Bc6 16. gxf5 Nxf5 17. Bxf5 gxf5 18. Qh5+ Kd8 19. Rxf5 Kc8 20.
Bf4 Qe7 21. Qh3 Bf6 22. Qh6 Rg8+ 23. Bg3 Rg6 24. Qf4 Bg5 25. Rf8+ 1-0

[Event "Najdorf Memorial"]
[Site "Warsaw POL"]
[Date "2024.07.10"]
[Round "2.13"]
[White "Sriram, Jha"]
[Black "Rozycki, Bartlomiej"]
[Result "1-0"]
[WhiteElo "2304"]
[BlackElo "2099"]

1. Nf3 Nf6 2. g3 d5 3. Bg2 Bg4 4. c4 c6 5. Ne5 Bh5 6. cxd5 cxd5 7. Qa4+
Nbd7 8. Nc3 e6 9. g4 Bg6 10. g5 Ng8 11. Nxd5 exd5 12. Bh3 f5 13. gxf6 Nxf6
14. d4 a6 15. Bg5 b5 16. Qb3 Qa5+ 17. Bd2 Qb6 18. Bxd7+ Nxd7 19. Qxd5 Ra7
20. Nc6 Nf6 21. Qe6+ Re7 22. Qc8+ Kf7 23. Nxe7 Bxe7 24. Qxh8 Bf8 25. Rc1
Qxd4 26. Rc8 Ne8 27. Rc3 b4 28. Rf3+ Nf6 29. Bg5 Qxb2 30. O-O Qe5 31. Bxf6
gxf6 32. Rd1 Be7 33. Re3 Qg5+ 34. Kf1 Qc5 35. Qa8 1-0

[Event "Najdorf Memorial"]
[Site "Warsaw POL"]
[Date "2024.07.10"]
[Round "2.14"]
[White "Zalega, Maciej"]
[Black "Mulawa, Cyprian"]
[Result "1-0"]
[WhiteElo "2093"]
[BlackElo "2302"]

1. e4 c5 2. Nf3 d6 3. d4 Nf6 4. Nc3 cxd4 5. Nxd4 a6 6. h3 b5 7. Nb3 Bb7 8.
f3 e6 9. Be3 h5 10. Qd2 Nbd7 11. O-O-O Be7 12. a3 Rc8 13. Kb1 Ne5 14. Bg5
Nc4 15. Bxc4 Rxc4 16. g4 b4 17. axb4 Rxb4 18. Bf4 e5 19. Bg5 a5 20. Bxf6
Bxf6 21. Nd5 Bxd5 22. Qxd5 a4 23. Na5 Qc7 24. Qxd6 Qxd6 25. Rxd6 Rd4 26.
Rxd4 exd4 27. e5 Bg5 28. Rd1 hxg4 29. hxg4 Rh3 30. Rxd4 Rxf3 31. Rxa4 Kd7
32. Rd4+ Kc7 33. Nc4 Bf4 34. c3 g5 35. Re4 Kc6 36. Ka2 Rg3 37. Nd6 f6 38.
Nf5 fxe5 39. Nxg3 Bxg3 40. c4 Kc5 41. Ka3 Bf4 42. b4+ Kc6 43. Ka4 Bh2 44.
Ka5 Bf4 45. Ka6 Bd2 46. b5+ Kc7 47. b6+ Kb8 48. Rxe5 1-0

[Event "Najdorf Memorial"]
[Site "Warsaw POL"]
[Date "2024.07.10"]
[Round "2.15"]
[White "Mickiewicz, Piotr"]
[Black "Zysko, Jan"]
[Result "1-0"]
[WhiteElo "2257"]
[BlackElo "2089"]

1. Nf3 Nf6 2. c4 g6 3. Nc3 Bg7 4. e4 d6 5. d4 O-O 6. h3 e5 7. d5 a5 8. Be3
Na6 9. g4 Nd7 10. Rg1 Ndc5 11. h4 Kh8 12. h5 gxh5 13. g5 Bg4 14. Be2 f6 15.
Nh4 fxg5 16. Bxg4 gxh4 17. Bf5 Qe7 18. Qxh5 Bf6 19. O-O-O Rg8 20. Ne2 a4
21. Kb1 Rab8 22. Nc3 b6 23. a3 Ra8 24. Kc2 Rab8 25. Nb5 Ra8 26. Na7 Rxa7
27. Rxg8+ Kxg8 28. Rg1+ Kh8 29. Bxh7 Bg7 30. Bf5+ Kg8 31. Qh7+ Kf8 32. Bh6
1-0

[Event "Najdorf Memorial"]
[Site "Warsaw POL"]
[Date "2024.07.10"]
[Round "2.16"]
[White "Kowalczyk, Rafal"]
[Black "Orzechowski, Jacek"]
[Result "1-0"]
[WhiteElo "2185"]
[BlackElo "2072"]

1. e4 Nc6 2. d4 d5 3. e5 Bf5 4. c3 f6 5. f4 e6 6. Nd2 a6 7. Ndf3 Nh6 8. Bd3
Bxd3 9. Qxd3 Qd7 10. Ne2 Be7 11. Bd2 fxe5 12. fxe5 Nf7 13. h4 Na7 14. Nf4
O-O-O 15. b4 Rdf8 16. a4 Kb8 17. O-O g5 18. hxg5 Nxg5 19. Nxg5 Bxg5 20.
Nxe6 Rxf1+ 21. Rxf1 Qxe6 22. Bxg5 Qg4 23. Qf5 Qg3 24. e6 Qxc3 25. e7 Qxd4+
26. Qf2 1-0

[Event "Najdorf Memorial"]
[Site "Warsaw POL"]
[Date "2024.07.10"]
[Round "2.17"]
[White "Padalka, Artem"]
[Black "Krol, Jan"]
[Result "1-0"]
[WhiteElo "2177"]
[BlackElo "2064"]

1. d4 Nf6 2. Nc3 d5 3. Bf4 c6 4. e3 Bf5 5. f3 e6 6. g4 Bg6 7. h4 h6 8. Bd3
Bxd3 9. Qxd3 Bd6 10. Nge2 Na6 11. O-O-O Qc7 12. Bxd6 Qxd6 13. e4 Nb4 14.
Qe3 dxe4 15. fxe4 Nxg4 16. Qf3 h5 17. a3 Na6 18. e5 Qe7 19. Ne4 O-O-O 20.
Nd6+ Rxd6 21. exd6 Qf6 22. Nf4 g6 23. c4 Rd8 24. c5 Nh6 25. Qe4 Nf5 26. Ne2
Nb8 27. b4 Qh8 28. Rh3 Nd7 29. Nc3 Nf6 30. Qe5 Qh6+ 31. Kb1 Ng4 32. Qe2 Qg7
33. Qd2 Kd7 34. b5 Ke8 35. bxc6 bxc6 36. Ne4 Rb8+ 37. Ka2 Nf6 38. Qf4 Nd7
39. Ng5 a6 40. Rb3 Rxb3 41. Kxb3 Qf6 42. Qe4 e5 43. Qxc6 Nxd4+ 44. Rxd4
exd4 45. Qa8+ Qd8 46. Qe4+ Kf8 47. Qxd4 Qb8+ 48. Kc3 f6 49. Ne6+ Kf7 50.
Qd5 Ne5 51. d7 Qb1 52. d8=Q Qc1+ 53. Kb4 Qb2+ 54. Qb3 Nc6+ 55. Ka4 Qxb3+
56. Kxb3 Nxd8 57. Nxd8+ Ke7 58. Nc6+ Kd7 59. Nd4 g5 60. Kc4 g4 61. Kd5 g3
62. c6+ Kc8 63. Kd6 a5 64. c7 g2 65. Nf3 f5 66. Ng1 f4 67. Nf3 a4 68. Ng1
f3 69. Nxf3 g1=N 70. Nxg1 1-0

[Event "Najdorf Memorial"]
[Site "Warsaw POL"]
[Date "2024.07.10"]
[Round "2.19"]
[White "Ishvi, Aggarwal"]
[Black "Gibala, Adam"]
[Result "1/2-1/2"]
[WhiteElo "1958"]
[BlackElo "2171"]

1. d4 Nf6 2. c4 e6 3. g3 d5 4. Bg2 Bb4+ 5. Bd2 a5 6. Nf3 O-O 7. O-O dxc4 8.
Qc2 b5 9. a4 c6 10. axb5 Bxd2 11. Nfxd2 Nd5 12. Qxc4 cxb5 13. Qxb5 Ba6 14.
Qxa5 Qxa5 15. Rxa5 Nc6 16. Bxd5 exd5 17. Rxd5 Bxe2 18. Re1 Bg4 19. Nc3 Nb4
20. Rg5 f5 21. f3 h6 22. Rg6 Bh5 23. Rd6 Rfd8 24. Rxd8+ Rxd8 25. Nb3 Bxf3
26. Re5 Bg4 27. Rb5 Nd3 28. Nd5 Re8 29. Nf4 Re1+ 30. Kg2 Nxf4+ 31. gxf4
Re2+ 32. Kg3 Re3+ 33. Kg2 Rd3 34. Rb4 g5 35. Nc5 Rd2+ 36. Kg3 Re2 37. d5
Rd2 38. Rb8+ Kf7 39. Rb7+ Ke8 40. Ne6 Rd3+ 41. Kg2 Bf3+ 42. Kf2 Bxd5 43.
Nc7+ Kf8 44. Nxd5 Rxd5 45. fxg5 hxg5 46. h3 f4 47. b4 Rd3 48. Rb5 Rg3 49.
h4 gxh4 50. Rf5+ Ke7 51. Rxf4 Kd6 52. Rxh4 Rb3 53. Ke2 Kc6 54. Kd2 Kb5 55.
Kc2 Rxb4 56. Rxb4+ Kxb4 1/2-1/2

[Event "Najdorf Memorial"]
[Site "Warsaw POL"]
[Date "2024.07.10"]
[Round "2.20"]
[White "Dzida, Kamil"]
[Black "Wadelek, Karol"]
[Result "1/2-1/2"]
[WhiteElo "2385"]
[BlackElo "1974"]

1. e4 c5 2. Nf3 d6 3. d4 cxd4 4. Nxd4 Nf6 5. Nc3 a6 6. g3 e5 7. Nb3 Be7 8.
Bg2 O-O 9. O-O Nbd7 10. a4 b6 11. Bg5 Bb7 12. Re1 Rc8 13. Nd2 Ne8 14. Be3
Nef6 15. Bg5 Ne8 16. Bxe7 Qxe7 17. Nf1 Nef6 18. Ne3 g6 19. Qd2 Rfd8 20.
Rad1 Nf8 21. Bh3 Rc7 22. Ncd5 Bxd5 23. exd5 a5 24. Bf1 N8d7 25. f4 Ne4 26.
Qg2 f5 27. fxe5 Qxe5 28. c3 Kh8 29. Bb5 Rb8 30. Bxd7 Rxd7 31. Nc4 Qf6 32.
Nd2 Nc5 33. Qe2 Rbb7 34. Qb5 Qd8 35. Nf3 Ne4 36. Nd4 Qg5 37. Ne6 Qg4 38.
Qc6 h5 39. Qc8+ Kh7 40. Nf8+ Kh6 41. Nxd7 Rxd7 42. Rd4 Re7 43. Qf8+ Rg7 44.
Rdxe4 fxe4 45. Qxd6 Rf7 46. Qxb6 Rf3 47. Qd4 Qf5 48. d6 e3 49. Qd1 h4 50.
Rf1 Rf2 51. Qe1 hxg3 52. Qxe3+ Kg7 53. Rxf2 gxf2+ 54. Qxf2 Qg4+ 55. Qg3
Qd1+ 56. Kf2 Qd2+ 57. Kf3 Qd3+ 58. Kf4 Qxd6+ 59. Ke3 Qe6+ 60. Kd4 Qd7+ 61.
Kc5 Qxa4 62. Qe5+ Kf7 63. Qd5+ Kf8 64. b3 Qe8 65. Kb6 Qb8+ 66. Kxa5 Qc7+
67. Kb5 Qxh2 68. b4 Qe2+ 69. c4 Ke7 70. Kb6 Qe6+ 71. Qxe6+ Kxe6 72. c5 Kd7
73. Kb7 1/2-1/2

[Event "Najdorf Memorial"]
[Site "Warsaw POL"]
[Date "2024.07.10"]
[Round "2.21"]
[White "Romanishin, Oleg M"]
[Black "Majocha, Piotr"]
[Result "1/2-1/2"]
[WhiteElo "2331"]
[BlackElo "2066"]

1. Nf3 d5 2. g3 e6 3. Bg2 f5 4. d4 Nf6 5. Bf4 Be7 6. c4 O-O 7. Nbd2 Ne4 8.
O-O Nd7 9. Ne5 c6 10. Rc1 Nxe5 11. Bxe5 Nd6 12. Qc2 Nf7 13. Nf3 g5 14. Rfd1
Bd7 15. Ne1 a5 16. Nd3 Nxe5 17. Nxe5 Bd6 18. Qb3 Bc8 19. f4 Kh8 20. Qe3 g4
21. h3 gxh3 22. Bxh3 Bd7 23. Kf2 Be8 24. Bg2 Bxe5 25. dxe5 Qe7 26. a3 Rg8
27. Rh1 a4 28. Rh3 Rg7 29. Bf3 Rd8 30. cxd5 cxd5 31. Qc5 Qxc5+ 32. Rxc5 Kg8
33. Rh6 Rg6 34. Rxg6+ hxg6 35. Rc7 Rd7 36. Rc8 Kf8 37. Ke3 Rh7 38. g4 b5
39. gxf5 gxf5 40. Kf2 Ke7 41. Rc1 Kd8 42. Rg1 Rc7 43. Rg8 Ke7 44. Rg7+ Kd8
45. Rxc7 Kxc7 46. Ke3 Kc6 47. Kd4 Bf7 48. e3 Kb6 49. Bd1 Be8 50. b4 Kc6 51.
Be2 Bg6 52. Kc3 Be8 53. Kd2 Kc7 54. Bf1 Kc6 55. Ke2 Kc7 56. Kf3 Bd7 57. Kg3
Kd8 58. Be2 Be8 59. Kh4 Ke7 60. Bh5 Bc6 61. Kg3 Bd7 62. Kf2 Be8 1/2-1/2

[Event "Najdorf Memorial"]
[Site "Warsaw POL"]
[Date "2024.07.10"]
[Round "2.22"]
[White "Chomczyk, Marek"]
[Black "Szymkiewicz, Witold"]
[Result "1/2-1/2"]
[WhiteElo "2297"]
[BlackElo "2054"]

1. e4 e6 2. d4 d5 3. e5 c5 4. c3 Nc6 5. Nf3 Qb6 6. Be2 Bd7 7. O-O Rc8 8.
Re1 a6 9. Bf1 Be7 10. Na3 cxd4 11. cxd4 f6 12. Nc2 fxe5 13. Nxe5 Nxe5 14.
dxe5 Bc5 15. Be3 Ne7 16. Bxc5 Rxc5 17. Nd4 O-O 18. Qd2 Nf5 19. Nxf5 Rxf5
20. Bd3 Rf7 21. Qe3 Bb5 22. Re2 Bxd3 23. Qxd3 Rf5 24. Rae1 Qb5 25. Qxb5
axb5 26. g3 b4 27. Rd2 Rf8 28. Re3 Ra8 29. Rb3 Rc4 30. a3 Ra4 31. f4 Kf7
32. Kg2 b5 33. Kf3 Kg6 34. Rdd3 h5 1/2-1/2

[Event "Najdorf Memorial"]
[Site "Warsaw POL"]
[Date "2024.07.10"]
[Round "2.23"]
[White "Celinski, Kamil"]
[Black "Koziorowicz, Michal"]
[Result "0-1"]
[WhiteElo "2022"]
[BlackElo "2285"]

1. c4 e5 2. g3 Nf6 3. Bg2 c6 4. Nf3 e4 5. Nd4 Qb6 6. Nb3 a5 7. d3 a4 8. Be3
c5 9. Nc1 Qxb2 10. Bd2 Qxa1 11. Nc3 Na6 12. O-O Be7 13. Nxa4 O-O 14. Nc3
Qb2 15. Nb3 Nb4 16. dxe4 d6 17. f4 Nxa2 18. Nb5 Be6 19. e5 Bxc4 20. exf6
Bxf6 21. Nxd6 Bxb3 22. Qe1 Qd4+ 0-1

[Event "Najdorf Memorial"]
[Site "Warsaw POL"]
[Date "2024.07.10"]
[Round "2.24"]
[White "Bergan, Gaute"]
[Black "Janeczko, Jakub"]
[Result "1/2-1/2"]
[WhiteElo "2027"]
[BlackElo "2246"]

1. e4 c5 2. c3 Nf6 3. e5 Nd5 4. d4 cxd4 5. Nf3 d6 6. cxd4 Nc6 7. Be2 dxe5
8. Nxe5 Nxe5 9. dxe5 e6 10. O-O Be7 11. Qb3 O-O 12. Bf3 Qb6 13. Rd1 Qxb3
14. axb3 Rd8 15. Nc3 Nxc3 16. Rxd8+ Bxd8 17. bxc3 Bc7 18. Bf4 f6 19. Bg3
fxe5 20. Re1 a5 1/2-1/2

[Event "Najdorf Memorial"]
[Site "Warsaw POL"]
[Date "2024.07.10"]
[Round "2.25"]
[White "Dhananjay, S"]
[Black "Dobosiewicz, Dawid"]
[Result "1-0"]
[WhiteElo "2207"]
[BlackElo "2028"]

1. c4 e5 2. Nc3 Nc6 3. g3 Bc5 4. Bg2 d6 5. e3 a6 6. Nge2 Ba7 7. d4 h5 8. h3
Nf6 9. dxe5 dxe5 10. Bxc6+ bxc6 11. Qxd8+ Kxd8 12. b3 Bf5 13. Ba3 Nd7 14.
O-O-O Kc8 15. g4 hxg4 16. hxg4 Rxh1 17. Rxh1 Bxg4 18. Rh7 Bc5 19. Bxc5 Nxc5
20. Rxg7 Be6 21. Rg8+ Kb7 22. Rxa8 Kxa8 23. Kd2 a5 24. Ng3 f5 25. f4 Nd7
26. Nce2 c5 27. Nh5 exf4 28. exf4 Nf8 29. Ke3 Ng6 30. Ng7 Bd7 31. Nc1 Nh4
32. Nd3 Bc6 33. Kf2 Be4 34. Nxc5 Bb1 35. a3 Ka7 36. Nge6 Kb6 37. Na4+ Kb7
38. Nc3 Bc2 39. Nd4 1-0

[Event "Najdorf Memorial"]
[Site "Warsaw POL"]
[Date "2024.07.10"]
[Round "2.26"]
[White "Bartodziej, Bartosz"]
[Black "Chiszko, Oskar"]
[Result "0-1"]
[WhiteElo "2005"]
[BlackElo "2192"]

1. e4 c5 2. Nf3 d6 3. d4 cxd4 4. Nxd4 Nf6 5. Nc3 a6 6. Be3 e5 7. Nf3 Be7 8.
Bc4 O-O 9. O-O Be6 10. Bb3 Qc8 11. Qe2 h6 12. Rfd1 Nbd7 13. Nh4 Nc5 14.
Bxc5 dxc5 15. Bxe6 Qxe6 16. Nf5 Rfd8 17. Ne3 Rd4 18. Ncd5 Rd8 19. f3 Nh5
20. g3 Bg5 21. Nf5 R4xd5 22. Rxd5 Rxd5 23. exd5 Qxf5 24. f4 Bf6 25. Re1
exf4 26. Qf3 Qh3 27. Qg2 Qg4 28. Re8+ Kh7 29. Qe4+ g6 30. Rf8 Bd4+ 31. Kg2
Qd7 32. d6 f3+ 33. Kxf3 Nf6 34. Qe7 Qf5+ 35. Ke2 Qf2+ 36. Kd1 Qf3+ 37. Ke1
Bf2+ 38. Kd2 Ne4+ 0-1

[Event "Najdorf Memorial"]
[Site "Warsaw POL"]
[Date "2024.07.10"]
[Round "2.27"]
[White "Dmochowska, Agnieszka"]
[Black "Czajkowski, Adam"]
[Result "0-1"]
[WhiteElo "2013"]
[BlackElo "2184"]

1. d4 Nf6 2. c4 g6 3. Nc3 Bg7 4. e4 d6 5. Nf3 O-O 6. Be2 Nbd7 7. O-O e5 8.
Qc2 exd4 9. Nxd4 Re8 10. Be3 Qe7 11. Ndb5 Nc5 12. f3 c6 13. Na3 a6 14. Rad1
Be6 15. b4 Ncd7 16. Bf4 d5 17. c5 Nh5 18. Bd6 Qf6 19. exd5 cxd5 20. Nxd5
Bxd5 21. Rxd5 Qb2 22. c6 bxc6 23. Qxc6 Qxa3 24. Qxd7 Rxe2 0-1

[Event "Najdorf Memorial"]
[Site "Warsaw POL"]
[Date "2024.07.10"]
[Round "2.28"]
[White "Borowy, Cezary"]
[Black "Mirski, Stanislaw"]
[Result "0-1"]
[WhiteElo "1993"]
[BlackElo "2174"]

1. e4 c5 2. Nf3 e6 3. d3 Nc6 4. g3 g6 5. Bg2 Bg7 6. O-O Nge7 7. c3 e5 8. a3
O-O 9. Be3 d6 10. b4 b6 11. b5 Na5 12. c4 h6 13. Nc3 Be6 14. Nh4 Qd7 15.
Rb1 Nb7 16. Qd2 Kh7 17. f4 exf4 18. gxf4 f5 19. Kh1 fxe4 20. Bxe4 Bxc3 21.
Qxc3 d5 22. cxd5 Bxd5 23. Rg1 Bxe4+ 24. dxe4 Qe6 25. e5 Qh3 26. Qe1 Nf5 27.
Nxf5 Qxf5 28. Qg3 Rad8 29. Qg2 Rd7 30. Bf2 Na5 31. Bh4 Nc4 32. Rb3 Rd2 33.
Qc6 Na5 0-1

[Event "Najdorf Memorial"]
[Site "Warsaw POL"]
[Date "2024.07.10"]
[Round "2.29"]
[White "Tsiapko, Andrii"]
[Black "Nagly, Wojciech"]
[Result "0-1"]
[WhiteElo "2167"]
[BlackElo "2016"]

1. d4 Nf6 2. c4 e6 3. Nf3 d5 4. g3 dxc4 5. Bg2 c5 6. O-O Nc6 7. Qa4 Bd7 8.
Qxc4 cxd4 9. Nxd4 Rc8 10. Nc3 Nxd4 11. Qxd4 Bc5 12. Qf4 Bc6 13. Rd1 Qc7 14.
Qxc7 Rxc7 15. Bf4 Rc8 16. Bxc6+ Rxc6 17. Rac1 O-O 18. Na4 Be7 19. Rxc6 bxc6
20. Be3 h6 21. b3 a5 22. Rc1 Nd5 23. Bd2 Bb4 24. Bxb4 Nxb4 25. a3 Nd5 26.
Rxc6 Rb8 27. e4 Nf6 28. Nc5 Rd8 29. Ra6 Rd1+ 30. Kg2 g5 31. h3 g4 32. Rxa5
gxh3+ 33. Kxh3 h5 34. e5 Ng4 35. Ne4 Kg7 36. Kg2 Rb1 37. b4 Rb2 38. Rc5 Kg6
39. b5 Kf5 40. Nd6+ Kg6 41. a4 Nxf2 42. Nc4 Rc2 43. Kf3 Nd3 44. Rc8 Rxc4
45. Rg8+ Kh7 46. Ra8 Nxe5+ 47. Ke3 Rb4 48. Kd2 Rg4 49. Kc2 Nc4 50. Kb3 Nb6
51. Ra6 Rxg3+ 52. Ka2 Nd5 53. Ra7 Rg4 54. Ka3 Kg7 55. a5 Rb4 56. Rb7 h4 57.
a6 h3 58. a7 h2 59. a8=Q h1=Q 60. Rxf7+ Kxf7 0-1

[Event "Najdorf Memorial"]
[Site "Warsaw POL"]
[Date "2024.07.10"]
[Round "2.30"]
[White "Zareba, Piotr"]
[Black "Maslanka, Wojciech"]
[Result "1/2-1/2"]
[WhiteElo "2003"]
[BlackElo "2166"]

1. e4 c5 2. Nf3 d6 3. d4 cxd4 4. Nxd4 Nf6 5. Nc3 a6 6. Bg5 e6 7. f4 Be7 8.
Qf3 Qc7 9. O-O-O Nbd7 10. g4 h6 11. Bxf6 Bxf6 12. h4 Nb6 13. g5 Bxd4 14.
Rxd4 Qc5 15. Qf2 Bd7 16. g6 fxg6 17. Qd2 O-O-O 18. Bh3 e5 19. Bxd7+ Rxd7
20. fxe5 dxe5 21. Rxd7 Nxd7 22. Qg2 Qc6 23. Rg1 Rf8 24. Nd5 Kb8 25. Qg3 Qc4
26. Qxg6 Qxa2 27. Qd6+ Ka7 28. Nc3 Qa1+ 29. Nb1 Qa4 30. Nc3 Qa1+ 31. Nb1
Qa4 32. Nc3 Qd4 33. Qxd4+ exd4 34. Ne2 Nc5 35. Nxd4 Rf4 36. b4 Rxe4 37.
bxc5 Rxd4 38. Rxg7 Rxh4 39. c6 Rb4 40. Rh7 Rb6 41. cxb7 a5 42. c4 a4 43. c5
Rb5 44. Rxh6 Rxc5+ 45. Kb2 Kxb7 46. Ka3 Rc6 47. Rxc6 Kxc6 48. Kxa4 1/2-1/2

[Event "Najdorf Memorial"]
[Site "Warsaw POL"]
[Date "2024.07.10"]
[Round "2.31"]
[White "Hury, Tymoteusz"]
[Black "Jarzebowski, Kacper"]
[Result "0-1"]
[WhiteElo "1954"]
[BlackElo "2131"]

1. e4 c5 2. Nf3 Nc6 3. Nc3 g6 4. d4 cxd4 5. Nxd4 Bg7 6. Nxc6 bxc6 7. Bc4 d6
8. O-O Nf6 9. e5 dxe5 10. Qxd8+ Kxd8 11. Re1 Bf5 12. f3 h5 13. Bg5 Nh7 14.
Bh4 g5 15. Bg3 e6 16. Ne4 Bxe4 17. fxe4 Ke7 18. Rad1 Rhd8 19. Bf2 Bf8 20.
Ba6 Rd7 21. Bg3 f6 22. Rxd7+ Kxd7 23. Bf2 Be7 24. c3 Nf8 25. b4 Kc7 26. Rd1
f5 27. a4 h4 28. Bc4 g4 29. g3 hxg3 30. hxg3 f4 31. a5 c5 32. b5 Rd8 33.
Rb1 Kb7 34. Be2 f3 35. Bc4 Rd2 36. Be1 Rg2+ 37. Kf1 Rh2 38. Bf2 Rh1+ 39.
Bg1 Bg5 40. Kf2 Bd2 41. Rb3 Nh7 42. Bxe6 Nf6 43. Bf5 c4 44. Ra3 Be1+ 45.
Kxe1 Rxg1+ 46. Kf2 Rg2+ 47. Kf1 Rb2 48. Ra4 Nh5 49. Bxg4 Nxg3+ 50. Kg1 Rg2#
0-1